000 01293nam a22003737a 4500
003 CHAP
005 20220329143313.0
008 080409d2007 us r 00110 eng d
010 _a94685
011 _a95657
020 _a9781584885511
035 _a106286
040 _cCHAP
082 0 0 _a652.8
_aK3
100 1 _aKatz, Jonathan
_962805
245 1 0 _aIntroduction to modern cryptography
_c/by Jonathan Katz and Yehuda Lindell
260 _aBoca Raton, Fl. :
_bChapman & Hall,
_c2007
300 _axviii, 534 p.
490 0 _aChapman & Hall-CRC Cryptography and Network Security
590 _aBATCH-UPD
_b10
_c20130110
_lUCH01
_h0425
590 _aBATCH-UPD
_b10
_c20130110
_lUCH01
_h2341
590 _aBATCH-UPD
_b10
_c20130410
_lUCH01
_h0101
590 _aBATCH-UPD
_b10
_c20130410
_lUCH01
_h1629
590 _aBATCH-UPD
_b10
_c20130914
_lUCH01
_h0918
590 _aCONVERSION
_b10
_c20130109
_lUCH01
_h1352
650 1 4 _aCriptografĂ­a.
_928938
650 1 4 _aInformática.
_958156
650 1 4 _aRedes computarizadas
_xMedidas de seguridad.
_995380
700 1 _aLindell, Yehuda
_966936
830 0 _aChapman & Hall-CRC Cryptography and Network Security
_921900
901 _aBK
942 _cLIBRO
949 _a652.8 K3
_bBC
_cLIBRO
_d33724002059496
_eLIBRO
_gI.c/e
_h109381
_i106286
_sb
_t$875.45
999 _c94685
_d94685